000 00623cam a2200241 4500
001 M2162
008 090401t xxu||||| |||| 00| 0 eng d
035 _a(Sirsi) u36834
041 _aeng
050 _a692.5
090 _aRICS 1990/109A
110 _aRoyal Institution of Chartered Surveyors
_94900
245 _aWhy do I want to build?
260 _aLondon
_bRICS
_c1990?
300 _a1 folded sheet ; 21x10cm .
350 _a0
520 _aPublicity brochure.
650 _aABOUT RICS-RICS MEMBERS
650 _aQUANTITY SURVEYORS
690 _aQuantity surveying
_96263
942 _n0
948 _c04/03/1997
999 _c90390
_d90390